A hand book on small industries: (Record no. 69124)
[ view plain ]
| 000 -LEADER | |
|---|---|
| fixed length control field | 00733cam a22002411 4500 |
| 001 - CONTROL NUMBER | |
| control field | sa 66003817 |
| 003 - CONTROL NUMBER IDENTIFIER | |
| control field | DLC |
| 005 - DATE AND TIME OF LATEST TRANSACTION | |
| control field | 20260227112239.0 |
| 008 - FIXED-LENGTH DATA ELEMENTS--GENERAL INFORMATION | |
| fixed length control field | 791107s1965 ii 000 0 eng |
| 010 ## - LIBRARY OF CONGRESS CONTROL NUMBER | |
| LC control number | sa 66003817 |
| 035 ## - SYSTEM CONTROL NUMBER | |
| System control number | (OCoLC)5662050 |
| 040 ## - CATALOGING SOURCE | |
| Original cataloging agency | DLC |
| Transcribing agency | NBuU |
| Modifying agency | DLC |
| 042 ## - AUTHENTICATION CODE | |
| Authentication code | premarc |
| 050 00 - LIBRARY OF CONGRESS CALL NUMBER | |
| Classification number | HC435 |
| Item number | .P315 |
| 082 ## - DEWEY DECIMAL CLASSIFICATION NUMBER | |
| Classification number | 338.0954 |
| 100 1# - MAIN ENTRY--PERSONAL NAME | |
| Personal name | Panicker, P. N. S. |
| 245 12 - TITLE STATEMENT | |
| Title | A hand book on small industries: |
| Remainder of title | agriculture, population, employment, trade and planning, |
| Statement of responsibility, etc. | by P. N. S. Panicker. |
| 260 ## - PUBLICATION, DISTRIBUTION, ETC. | |
| Place of publication, distribution, etc. | Madras, |
| Name of publisher, distributor, etc. | Industrial Efficiency Services, |
| Date of publication, distribution, etc. | 1965. |
| 300 ## - PHYSICAL DESCRIPTION | |
| Extent | xxxvii, 827, 5 p. |
| Other physical details | map. |
| Dimensions | 25 cm. |
| 651 #0 - SUBJECT ADDED ENTRY--GEOGRAPHIC NAME | |
| Geographic name | India |
| Form subdivision | Statistics. |
| 650 #0 - SUBJECT ADDED ENTRY--TOPICAL TERM | |
| Topical term or geographic name entry element | Small business |
| Geographic subdivision | India. |
| 650 #0 - SUBJECT ADDED ENTRY--TOPICAL TERM | |
| Topical term or geographic name entry element | Industries |
| Geographic subdivision | India. |
No items available.